000 00440nam a22001697a 4500
005 20170213153500.0
008 170119b xxu||||| |||| 00| 0 eng d
020 _a9787516601150
040 _cPK-LaUMT
082 _a711.4951
_bJAO-S
100 _aJao, James C.
245 _aStraight Talk:
_babout china's urbanizaion/
_cJames C. Jao
260 _a[ ]
_bXinhua publishing house,
_c2012
300 _a251 p.
546 _aen
942 _cBK
999 _c90293
_d90293